載入...

A DESCRIPTION OF INDIAN AND ORIENTAL ARMOUR

書目詳細資料
主要作者: TATTON EGERTON
出版: ASIAN EDUCATIONAL
LEADER 00513nam a2200229 4500
020
082 |a 623.41 TAT 
100 |a TATTON EGERTON 
245 |a A DESCRIPTION OF INDIAN AND ORIENTAL ARMOUR  |h ENGLISH 
250
260 |b ASIAN EDUCATIONAL 
300
500
501
538
590
630
650
700
942
999 |c 177947  |d 177947 
952 |0 0  |1 0  |4 0  |6 623_410000000000000_TAT  |7 0  |9 191311  |a AGY  |b AGY  |d 2019-10-25  |l 0  |o 623.41 TAT  |p AGY2156  |r 2019-10-25  |w 2019-10-25